Todos los Cuentos / (Registro nro. 13367)
[ vista simple ]
| 000 -LEADER | |
|---|---|
| fixed length control field | 00817nam a22002657a 4500 |
| 003 - CONTROL NUMBER IDENTIFIER | |
| control field | DO-SdBNP |
| 005 - DATE AND TIME OF LATEST TRANSACTION | |
| control field | 20210409110058.0 |
| 008 - FIXED-LENGTH DATA ELEMENTS--GENERAL INFORMATION | |
| fixed length control field | 210128b 2017 dr 00| 0 spa d |
| 020 ## - INTERNATIONAL STANDARD BOOK NUMBER | |
| International Standard Book Number | 9789945503005 |
| 040 ## - CATALOGING SOURCE | |
| Original cataloging agency | DO-SdBNP |
| Language of cataloging | spa |
| Transcribing agency | BPMSU |
| 082 ## - DEWEY DECIMAL CLASSIFICATION NUMBER | |
| Classification number | RD863.44 |
| Item number | R595f |
| Edition number | 22 |
| 100 1# - MAIN ENTRY--PERSONAL NAME | |
| Personal name | Risco Bermúdez , René |
| Dates associated with a name | 1937-1972 |
| 245 ## - TITLE STATEMENT | |
| Title | Todos los Cuentos / |
| Statement of responsibility, etc. | René del Risco Bermúdez |
| 260 ## - PUBLICATION, DISTRIBUTION, ETC. (IMPRINT) | |
| Place of publication, distribution, etc. | Santo Domingo : |
| Name of publisher, distributor, etc. | Nacional, |
| Date of publication, distribution, etc. | 2017 |
| 300 ## - PHYSICAL DESCRIPTION | |
| Extent | 229 p. ; |
| Dimensions | 20 cm. |
| 490 1# - SERIES STATEMENT | |
| Series statement | Narrativa; |
| 500 ## - GENERAL NOTE | |
| General note | incluyes datos biográfico del autor en las solapas |
| 590 ## - LOCAL NOTE (RLIN) | |
| Linkage (RLIN) | Inventariado, 2021/ MC |
| 650 #4 - SUBJECT ADDED ENTRY--TOPICAL TERM | |
| Topical term or geographic name as entry element | Cuentos dominicanos |
| Form subdivision | colecciones |
| 650 #4 - SUBJECT ADDED ENTRY--TOPICAL TERM | |
| Topical term or geographic name as entry element | Literatura dominicana |
| 710 2# - ADDED ENTRY--CORPORATE NAME | |
| Materials specified | Ministerio de Cultura (República Dominicana) |
| 830 #0 - SERIES ADDED ENTRY--UNIFORM TITLE | |
| Uniform title | Narrativa |
| 910 ## - USER-OPTION DATA (OCLC) | |
| User-option data | MCabrera /VMateo |
| 942 ## - ADDED ENTRY ELEMENTS (KOHA) | |
| Source of classification or shelving scheme | Dewey Decimal Classification |
| Koha item type | Libros |
| Withdrawn status | Lost status | Source of classification or shelving scheme | Damaged status | Not for loan | Collection code | Home library | Current library | Date acquired | Source of acquisition | Full call number | Barcode | Date last seen | Price effective from | Koha item type | Copy number |
|---|---|---|---|---|---|---|---|---|---|---|---|---|---|---|---|
| Dewey Decimal Classification | Colección Dominicana | Biblioteca Pública Metropolitana Salomé Ureña | Biblioteca Pública Metropolitana Salomé Ureña | 01/29/2021 | Editora Nacional | BPMSU CD RD863.44 R595t 2017 | BPMSU21010001 | 01/29/2021 | 01/29/2021 | Libros | |||||
| Dewey Decimal Classification | Colección Dominicana | Biblioteca Pública Metropolitana Salomé Ureña | Biblioteca Pública Metropolitana Salomé Ureña | 01/29/2021 | Editora Nacional | BPMSU CD RD863.44 R595t 2017 | BPMSU21010002 | 01/29/2021 | 01/29/2021 | Libros | e.2 |